000 00687nam a2200217Ia 4500
003 GCL
008 140319s9999 xx 000 0 ara d
040 _aGCL /
_cGCL
082 0 4 _a819
_bج ر
100 1 _aالجاحظ : ابوعثمان عمرو بن بحر محبوب
245 1 0 _aرسائل الجاحظ /
_cالجاحظ : ابوعثمان عمرو بن بحر محبوب
700 1 _aعبدالسلام هارون
700 1 _aعبد ا. مهنا
250 _aالاولى
260 _aبيروت :
_bدار الجيل ،
_c1991
300 _a393 ص ؛
_c24 سم
490 _a
650 0 4 _aالادب العربى
650 0 4 _aالجاحظية
942 _2ddc
_cBK
999 _c52741
_d52741